|
|
|
|
| LEADER |
01358nam a22003374a 4500 |
| 001 |
4234 |
| 003 |
BD-DhAAL |
| 005 |
20150215102125.0 |
| 008 |
150215s2002 nyua b 001 0 eng |
| 010 |
|
|
|a 2002068849
|
| 020 |
|
|
|a 0066620562
|
| 040 |
|
|
|a DLC
|c DLC
|d DLC
|d BD-DhAAL
|
| 050 |
0 |
0 |
|a HD57.7
|b .T49 2002
|
| 082 |
0 |
0 |
|a 658.4/092
|2 21
|
| 100 |
1 |
|
|a Tichy, Noel M.
|9 8409
|
| 245 |
1 |
4 |
|a The cycle of leadership :
|b how great leaders teach their companies to win /
|c Noel M. Tichy, with Nancy Cardwell.
|
| 250 |
|
|
|a 1st ed.
|
| 260 |
|
|
|a New York, NY :
|b HarperBusiness,
|c c2002.
|
| 300 |
|
|
|a xxvii, 435 p. :
|b ill. ;
|c 24 cm.
|
| 500 |
|
|
|a "With a new preface ... and a new foreword"--Cover.
|
| 504 |
|
|
|a Includes bibliographical references and index.
|
| 541 |
|
|
|e 4234
|
| 650 |
|
0 |
|a Leadership.
|9 5928
|
| 650 |
|
0 |
|a Executive ability.
|9 8410
|
| 650 |
|
0 |
|a Organizational learning.
|9 8411
|
| 650 |
|
0 |
|a Organizational effectiveness.
|9 8412
|
| 700 |
1 |
|
|a Cardwell, Nancy.
|9 8413
|
| 942 |
|
|
|2 ddc
|c BK
|
| 999 |
|
|
|c 33695
|d 33695
|
| 952 |
|
|
|0 0
|1 0
|2 ddc
|4 0
|6 658_400000000000000_092_TIC
|7 0
|9 52630
|a SCL
|b SCL
|c GEN
|d 2015-02-15
|g 1875.00
|l 2
|m 14
|o 658.4092 TIC
|p 3020004234
|r 2025-09-10
|s 2025-09-10
|t 1
|w 2015-02-15
|y BK
|
| 952 |
|
|
|0 0
|1 0
|2 ddc
|4 0
|6 658_409200000000000_TIC
|7 0
|9 52900
|a SCL
|b SCL
|c GEN
|d 2015-03-05
|g 1875.00
|l 0
|o 658.4092 TIC
|p 3020004537
|r 2015-03-05
|t 2
|w 2015-03-05
|y BK
|